• 首页
  • 本馆介绍
  • 公告通知
  • 最新文献
  • 馆藏检索
  • 电子资源
  • 读者导购
  • 参考咨询
  • 我的图书馆
  • 登录
  • 详细信息显示
  • 放入我的书架
  • 预约/预借图书
  • 作者相关作品
  • 分类相关作品
  • 丛书相关作品
  • 出版社相关作品

书目信息

  • 表格格式
  • 工作单格式
  • 卡片格式
题名:
计算机地图制图
    
 
作者: 孙以义 著
分册:  
出版信息: 北京   科学出版社  2000
页数: 241页
开本: 28cm
丛书名:
单 册:
中图分类: P283.7
科图分类:
主题词: 地图学
电子资源:
ISBN: 7-03-007948-5
000 00500nam0 2200181 450
001 0736196517
005 20070924100316.51
010    @a7-03-007948-5@d¥28.00
100    @a20070924d km y0chiy0120 ea
101 0  @achi
200 1  @a计算机地图制图@Aji suan ji di tu zhi tu@f孙以义著@Fsun yi yi zhu
210    @a北京@c科学出版社@d2000
215    @a241页@d28cm
606 0  @a地图学
690    @aP283.7@v3
701  0 @a孙以义@Asun yi yi@4著
801  0 @aCN@bPFT@c20070924
905    @a213230@dP283.7@eZY19@f1
    
    计算机地图制图/孙以义著.-北京:科学出版社,2000
    241页;28cm
    
    
    ISBN 7-03-007948-5:¥28.00
    
●
相关链接 在E读中查询图书 在五车中查询图书 在当当中查询图书 在豆瓣中查询图书


正题名:计算机地图制图     索取号:P283.7/ZY19         预约/预借

序号 登录号 条形码 馆藏地/架位号 状态 备注
1 7900667   279006674   密集书库-资源管理系/ [索取号:P283.7/ZY19] 在馆    
唐山师范学院图书馆 欢迎您!
大连网信软件有限公司© 版权所有